Henry danger quiz - Statistics

General Stats
  • This quiz has been taken 641 times
  • The average score is 13 of 25
Answer Stats
Hint Answer % Correct
Main Character Henry
100%
Main characters boy best-friend Jasper
95%
boss of above Rey
95%
Main Characters sister Piper
94%
Main characters girl best-friend Charlotte
93%
Henry's superhero name Kid Danger
93%
Rey's superhero name Captain Man
92%
name of store Henry works at Junk N Stuff
74%
scientist/ created everything in man cave Schwoz
73%
Dumbest criminal in swellview Jeff
64%
Dr _____ Dr minyak
57%
Henrys girlfriend/ shared a locker Bianca
55%
captain mans old sidekick drex
51%
Henrys first girlfriend Chloe
44%
sparkly criminal frankini
39%
frittle factory owner jack frittleman
24%
bodyguard of above goomer
22%
woman news caster mary gaperman
20%
man news caster trent overunder
20%
vice mayors nephew bose
18%
Henrys sworn enemy Mitch Bilsky
14%
Henrys favorite restaraunt Nacho Ball
14%
bees beekeeper
13%
girl who is allergic to air patina
7%
vice mayor willis
0%
No matching quizzes found
Score Distribution
Percent of People with Each Score
Percentile by Number Answered
Your Score History
You have not taken this quiz